[Event "HUN-chT2 Szechenyi 1011"]
[Site "Hungary"]
[Date "2011.04.17"]
[Round "9.8"]
[White "Saghy, Krisztian"]
[Black "Szalay, Adam"]
[Result "1-0"]
[WhiteElo "1807"]
[BlackElo "1729"]
[PlyCount "101"]
[EventDate "2010.09.12"]
[EventType "team-tourn"]
[EventRounds "11"]
[EventCountry "HUN"]
[SourceTitle "EXT 2012"]
[Source "ChessBase"]
[SourceDate "2011.11.24"]
[SourceVersion "1"]
[SourceVersionDate "2011.11.24"]
[SourceQuality "1"]
[WhiteTeam "FKMK"]
[BlackTeam "Lovo"]
[WhiteTeamCountry "HUN"]
[BlackTeamCountry "HUN"]

1. d4 d5 2. Bf4 Bf5 3. e3 e6 4. Ne2 c5 5. Ng3 Bg6 6. Nc3 c4 7. Qd2 Bd6 8. Nge2 Nc6 9. a3 Nge7 10. f3 0-0 11. e4 a6 12. e5 Bc7 13. h4 h6 14. g4 f6 15. exf6 Rxf6 16. g5 hxg5 17. hxg5 Rf8 18. Qe3 e5 19. dxe5 d4 20. Qf2 dxc3 21. Qh4 Kf7 22. Nxc3 Nxe5 23. Bxe5 Bxe5 24. Bxc4+ Ke8 25. Rd1 Qc7 26. Ne4 Nf5 27. Qg4 Rd8 28. Rxd8+ Kxd8 29. Bd3 Bxb2 30. a4 Nd4 31. 0-0 Nxc2 32. Qg2 Bd4+ 33. Rf2 Bxf2+ 34. Qxf2 Nb4 35. Qd4+ Qd7 36. Qxb4 Qxd3 37. Qxf8+ Kc7 38. Qxg7+ Kb8 39. Qxg6 Qe3+ 40. Kg2 Qe2+ 41. Nf2 Qc4 42. Qe8+ Ka7 43. g6 Qd5 44. Qe4 Qg8 45. Qg4 b5 46. a5 b4 47. Qd7+ Kb8 48. Qf7 Qd8 49. Qf4+ Ka7 50. Qxb4 Qh4 51. Qxh4 1-0

[Event "HUN-chT2 Szechenyi 1011"]
[Site "Hungary"]
[Date "2011.04.10"]
[Round "8.7"]
[White "Domotor, Jozsef"]
[Black "Szalay, Adam"]
[Result "1/2-1/2"]
[WhiteElo "2013"]
[BlackElo "1729"]
[PlyCount "105"]
[EventDate "2010.09.12"]
[EventType "team-tourn"]
[EventRounds "11"]
[EventCountry "HUN"]
[SourceTitle "EXT 2012"]
[Source "ChessBase"]
[SourceDate "2011.11.24"]
[SourceVersion "1"]
[SourceVersionDate "2011.11.24"]
[SourceQuality "1"]
[WhiteTeam "Zala Volan"]
[BlackTeam "Lovo"]
[WhiteTeamCountry "HUN"]
[BlackTeamCountry "HUN"]

1. d4 d5 2. Nf3 Nf6 3. c4 e6 4. Nc3 Bb4 5. Qa4+ Nc6 6. cxd5 Nxd5 7. Bd2 0-0 8. e3 Bd7 9. Qc2 Re8 10. Bd3 g6 11. h4 Bxc3 12. bxc3 e5 13. 0-0-0 Bg4 14. e4 Nb6 15. d5 Ne7 16. Bg5 Qd6 17. c4 Nd7 18. Be3 b6 19. Rd2 c6 20. Kb1 cxd5 21. cxd5 Rec8 22. Qb2 Bxf3 23. gxf3 Nc5 24. h5 Nxd3 25. Rxd3 Rc4 26. hxg6 fxg6 27. Rc1 Rxc1+ 28. Bxc1 Rc8 29. Rc3 Rxc3 30. Qxc3 Nxd5 31. exd5 Qxd5 32. Qb3 Qxb3+ 33. axb3 Kf7 34. Kc2 h5 35. Bg5 Ke6 36. Kd3 Kf5 37. Bd8 Kf4 38. Ke2 g5 39. Bf6 h4 40. Kf1 h3 41. Kg1 Kxf3 42. Bxe5 Ke4 43. Bb8 a6 44. Kh2 g4 45. Kg3 Kf5 46. Bc7 b5 47. b4 Kg5 48. f4+ gxf3 49. Kxf3 Kf5 50. Ke3 Ke6 51. Kd4 Kd7 52. Bg3 Kc6 53. Bh2 1/2-1/2

[Event "HUN-chT2 Szechenyi 1011"]
[Site "Hungary"]
[Date "2010.11.21"]
[Round "6.8"]
[White "Szalay, Adam"]
[Black "Gabor, Attila"]
[Result "0-1"]
[WhiteElo "1729"]
[BlackElo "1909"]
[PlyCount "108"]
[EventDate "2010.09.12"]
[EventType "team-tourn"]
[EventRounds "11"]
[EventCountry "HUN"]
[SourceTitle "EXT 2012"]
[Source "ChessBase"]
[SourceDate "2011.11.24"]
[SourceVersion "1"]
[SourceVersionDate "2011.11.24"]
[SourceQuality "1"]
[WhiteTeam "Lovo"]
[BlackTeam "Arboretum"]
[WhiteTeamCountry "HUN"]
[BlackTeamCountry "HUN"]

1. e4 e5 2. Nf3 Nc6 3. Bc4 Be7 4. d4 exd4 5. Nxd4 d6 6. Nc3 Nf6 7. 0-0 Nxd4 8. Qxd4 0-0 9. f4 b6 10. f5 Bb7 11. Bb3 d5 12. Kh1 dxe4 13. Qe3 Qd6 14. Qf4 Qc6 15. Be3 Rad8 16. Ba4 Qc4 17. Bb5 Qb4 18. Qxc7 a6 19. Qxb7 axb5 20. Nxb5 Nd5 21. Bxb6 Qxb5 22. b3 Qxb6 23. Qxb6 Nxb6 24. a4 Bf6 25. Ra2 Rd2 26. a5 Na8 27. Ra4 e3 28. Re4 e2 29. Re1 Rxc2 30. R1xe2 Rxe2 31. Rxe2 Bc3 32. Ra2 Rd8 33. g4 Rd1+ 34. Kg2 Rd2+ 35. Rxd2 Bxd2 36. a6 Bb4 37. Kf3 Kf8 38. Ke4 Ke7 39. Kd4 Kd7 40. Kc4 Ba5 41. b4 Bb6 42. h3 Kc6 43. b5+ Kd6 44. Kb4 Nc7 45. Kc4 Ke5 46. Kb4 Kd4 47. a7 Bxa7 48. Ka5 Nd5 49. Ka6 Bc5 50. Kb7 Ke5 51. Kc6 Bf2 52. g5 Kxf5 53. Kxd5 Kxg5 54. h4+ Kxh4 0-1

[Event "HUN-chT2 Szechenyi 1011"]
[Site "Hungary"]
[Date "2010.10.24"]
[Round "4.8"]
[White "Bali, Eszter"]
[Black "Szalay, Adam"]
[Result "1-0"]
[WhiteElo "1973"]
[BlackElo "1729"]
[PlyCount "85"]
[EventDate "2010.09.12"]
[EventType "team-tourn"]
[EventRounds "11"]
[EventCountry "HUN"]
[SourceTitle "EXT 2012"]
[Source "ChessBase"]
[SourceDate "2011.11.24"]
[SourceVersion "1"]
[SourceVersionDate "2011.11.24"]
[SourceQuality "1"]
[WhiteTeam "Baki Agrocentrum"]
[BlackTeam "Lovo"]
[WhiteTeamCountry "HUN"]
[BlackTeamCountry "HUN"]

1. e4 e5 2. Nf3 Nc6 3. Bc4 Bc5 4. c3 Nf6 5. d4 exd4 6. e5 d5 7. cxd4 Bb4+ 8. Bd2 Ne4 9. Bb5 Bxd2+ 10. Nbxd2 Nxd2 11. Bxc6+ bxc6 12. Nxd2 Ba6 13. Nb3 Qg5 14. Qf3 0-0 15. Nc5 Bc8 16. 0-0 Rb8 17. Qc3 f5 18. f4 Qh6 19. b3 Kh8 20. Qa5 Rb5 21. Qxc7 Rxc5 22. dxc5 Ba6 23. Qd6 Qxd6 24. cxd6 Bc8 25. Rac1 Bd7 26. Rfe1 Re8 27. Rc5 a6 28. b4 Kg8 29. a4 Kf7 30. b5 axb5 31. axb5 cxb5 32. Rxd5 Ke6 33. Rc5 Ra8 34. Rb1 Rb8 35. Rb4 h6 36. h3 Kf7 37. Kf2 g6 38. Ke3 g5 39. Rc7 Ke6 40. g4 gxf4+ 41. Rxf4 fxg4 42. hxg4 b4 43. Kd4 1-0

[Event "HUN-chT2 Szechenyi 0910"]
[Site "Hungary"]
[Date "2010.01.31"]
[Round "5.9"]
[White "Szalay, Adam"]
[Black "Mork, Laszlo"]
[Result "0-1"]
[WhiteElo "1675"]
[BlackElo "1817"]
[PlyCount "116"]
[EventDate "2009.11.08"]
[EventType "team-tourn"]
[EventRounds "11"]
[EventCountry "HUN"]
[SourceTitle "EXT 2011"]
[Source "ChessBase"]
[SourceDate "2010.11.26"]
[SourceVersion "1"]
[SourceVersionDate "2010.11.26"]
[SourceQuality "1"]
[WhiteTeam "Kertvaros"]
[BlackTeam "Lovo"]
[WhiteTeamCountry "HUN"]
[BlackTeamCountry "HUN"]

1. d4 d5 2. f4 Nf6 3. Nf3 Bf5 4. e3 e6 5. Bd3 Ne4 6. 0-0 Nd7 7. c4 dxc4 8. Bxc4 Bd6 9. Nc3 Ndf6 10. Ne5 0-0 11. a3 c6 12. b4 Nxc3 13. Qe1 Nce4 14. h3 Bxe5 15. dxe5 Nd5 16. Be2 f6 17. exf6 Qxf6 18. Bd2 Nxd2 19. Qxd2 Rad8 20. Qe1 Qc3 21. Qxc3 Nxc3 22. Bf3 Rd2 23. g4 Be4 24. Bxe4 Nxe4 25. Rac1 Rfd8 26. Rc4 Nf6 27. f5 exf5 28. Rxf5 Ra2 29. e4 Rd1+ 30. Rf1 Rxf1+ 31. Kxf1 Rxa3 32. g5 Nd7 33. b5 Ne5 34. Rc5 Nd7 35. bxc6 bxc6 36. Rxc6 Rxh3 37. Rc7 Rd3 38. Rxa7 Kf7 39. Ke2 Rd6 40. Ke3 Kg6 41. Kf4 Nc5 42. Ra5 Nd3+ 43. Ke3 Nb2 44. Rc5 Nd3 45. Ra5 Nb4 46. Kf4 Nc6 47. Rc5 Re6 48. Rb5 h5 49. Rc5 Nd8 50. Ra5 Nf7 51. Ra2 Nd6 52. e5 Nf7 53. Re2 Rxe5 54. Rxe5 Nxe5 55. Kxe5 Kxg5 56. Ke4 Kg4 57. Ke3 Kg3 58. Ke2 Kg2 0-1

[Event "HUN-chT2 Szechenyi 0910"]
[Site "Hungary"]
[Date "2009.12.06"]
[Round "3.8"]
[White "Szalay, Adam"]
[Black "Antal, Jozsef"]
[Result "1/2-1/2"]
[WhiteElo "1675"]
[BlackElo "2026"]
[PlyCount "101"]
[EventDate "2009.11.08"]
[EventType "team-tourn"]
[EventRounds "11"]
[EventCountry "HUN"]
[SourceTitle "EXT 2011"]
[Source "ChessBase"]
[SourceDate "2010.11.26"]
[SourceVersion "1"]
[SourceVersionDate "2010.11.26"]
[SourceQuality "1"]
[WhiteTeam "Lovo"]
[BlackTeam "BSC"]
[WhiteTeamCountry "HUN"]
[BlackTeamCountry "HUN"]

1. e4 e5 2. Nf3 Nf6 3. Nc3 Nc6 4. Bc4 Nxe4 5. Bxf7+ Kxf7 6. Nxe4 d5 7. Ng3 e4 8. Ng1 Bc5 9. N1e2 Rf8 10. d4 exd3 11. Qxd3 Kg8 12. 0-0 Ne5 13. Qb3 Ng4 14. Ne4 Bb6 15. Bg5 Qd7 16. Rad1 c6 17. h3 Qe6 18. hxg4 Qxe4 19. Ng3 Qxg4 20. Be3 Bc7 21. Rd4 Qg6 22. Bd2 Bxg3 23. fxg3 Rxf1+ 24. Kxf1 b6 25. Bf4 Ba6+ 26. Kg1 Qe6 27. Qe3 Qxe3+ 28. Bxe3 Re8 29. Kf2 Rf8+ 30. Rf4 h6 31. c3 g5 32. Rf3 Bd3 33. Rxf8+ Kxf8 34. g4 Kf7 35. b4 Bc2 36. Bd4 Bd1 37. Kg3 Bc2 38. Be5 a5 39. a3 axb4 40. axb4 c5 41. bxc5 bxc5 42. Bd6 c4 43. Be5 Bd1 44. Bd4 Kg6 45. Be3 h5 46. gxh5+ Bxh5 47. Kf2 Kf5 48. g3 Bd1 49. Bd4 Ke4 50. Bf6 Kd3 51. Bd4 1/2-1/2

[Event "HUN-chT2 Szechenyi 0809"]
[Site "Hungary"]
[Date "2009.03.08"]
[Round "9.10"]
[White "Remport, Gabor"]
[Black "Szalay, Adam"]
[Result "1-0"]
[WhiteElo "1796"]
[BlackElo "1586"]
[PlyCount "55"]
[EventDate "2008.10.26"]
[EventType "team-tourn"]
[EventRounds "11"]
[EventCountry "HUN"]
[SourceTitle "EXT 2010"]
[Source "ChessBase"]
[SourceDate "2010.11.25"]
[SourceVersion "1"]
[SourceVersionDate "2010.11.25"]
[SourceQuality "1"]
[WhiteTeam "Flesch"]
[BlackTeam "Lovo"]
[WhiteTeamCountry "HUN"]
[BlackTeamCountry "HUN"]

1. e4 e5 2. Nf3 Nc6 3. Bb5 Nf6 4. d4 exd4 5. e5 Ng4 6. 0-0 Bc5 7. Bg5 f6 8. exf6 gxf6 9. Re1+ Kf7 10. Bh4 a6 11. Bxc6 dxc6 12. h3 Nh6 13. Ne5+ Kg7 14. Qf3 Qd6 15. Nc4 Qd8 16. Nbd2 Bf5 17. Ne4 Be7 18. Qg3+ Kf7 19. Qf4 Kg7 20. Ng3 Bg6 21. Re6 Rf8 22. Rae1 Rf7 23. Rxe7 Ng8 24. Rxf7+ Bxf7 25. Ne5 Qd5 26. Nxf7 Qxf7 27. Nf5+ Kf8 28. Nxd4 1-0

[Event "HUN-chT2 Szechenyi 0809"]
[Site "Hungary"]
[Date "2009.01.11"]
[Round "5.8"]
[White "Pfeifer, David"]
[Black "Szalay, Adam"]
[Result "1-0"]
[WhiteElo "1967"]
[BlackElo "1586"]
[PlyCount "71"]
[EventDate "2008.10.26"]
[EventType "team-tourn"]
[EventRounds "11"]
[EventCountry "HUN"]
[SourceTitle "EXT 2010"]
[Source "ChessBase"]
[SourceDate "2010.11.25"]
[SourceVersion "1"]
[SourceVersionDate "2010.11.25"]
[SourceQuality "1"]
[WhiteTeam "Ajka Banyasz"]
[BlackTeam "Lovo"]
[WhiteTeamCountry "HUN"]
[BlackTeamCountry "HUN"]

1. e4 e5 2. Nf3 Nc6 3. Bc4 Bc5 4. Nc3 d6 5. h3 Nge7 6. Ng5 Ng6 7. Bxf7+ Kf8 8. d3 h6 9. Bxg6 hxg5 10. Be3 Bxe3 11. fxe3 Rh6 12. Rf1+ Kg8 13. Bh5 Be6 14. Bg4 Qd7 15. Bxe6+ Qxe6 16. Nd5 Rc8 17. Qf3 Ne7 18. Nxe7+ Qxe7 19. Qg4 Re8 20. Rf5 Rh4 21. Qxg5 Qxg5 22. Rxg5 Rh6 23. Ke2 Rf6 24. Rf1 Rxf1 25. Kxf1 Rf8+ 26. Rf5 Rf6 27. Rxf6 gxf6 28. Kf2 Kg7 29. Kg3 Kh6 30. Kg4 Kg6 31. h4 b5 32. d4 c5 33. d5 a5 34. h5+ Kg7 35. Kf5 Kf7 36. h6 1-0

[Event "HUN-chT2 Szechenyi 0809"]
[Site "Hungary"]
[Date "2008.11.30"]
[Round "3.10"]
[White "Szalay, Adam"]
[Black "Kiraly, Ferenc"]
[Result "1-0"]
[WhiteElo "1586"]
[BlackElo "2000"]
[PlyCount "78"]
[EventDate "2008.10.26"]
[EventType "team-tourn"]
[EventRounds "11"]
[EventCountry "HUN"]
[SourceTitle "EXT 2010"]
[Source "ChessBase"]
[SourceDate "2010.11.25"]
[SourceVersion "1"]
[SourceVersionDate "2010.11.25"]
[SourceQuality "1"]
[WhiteTeam "Lovo"]
[BlackTeam "Alsoszolnok"]
[WhiteTeamCountry "HUN"]
[BlackTeamCountry "HUN"]

1. e4 e5 2. Nf3 Nc6 3. Bc4 Nf6 4. Ng5 Bc5 5. Nxf7 Bxf2+ 6. Kxf2 Nxe4+ 7. Kg1 Qh4 8. g3 Nxg3 9. Nxh8 Nxh1 10. d3 Nf2 11. Qf3 Nh3+ 12. Kf1 Qf6 13. Qxf6 gxf6 14. Nc3 Nd4 15. Nd5 Ne6 16. Nxf6+ Ke7 17. Bxe6 dxe6 18. Nxh7 Bd7 19. Ng6+ Kd6 20. Nf6 c6 21. Nxd7 Kxd7 22. Nxe5+ Kd6 23. Nc4+ Kc7 24. Be3 b6 25. Ke2 Rg8 26. Rf1 Rg2+ 27. Kd1 Rxh2 28. Bf4+ Nxf4 29. Rxf4 b5 30. Nd2 a5 31. a3 Kd6 32. Ne4+ Kd5 33. Rf2 Rh6 34. Kd2 b4 35. axb4 axb4 36. c3 c5 37. c4+ Kd4 38. Ng5 Ke5 39. Re2+ Kd6 1-0

[Event "HUN-chT2 Charousek 0708"]
[Site "Hungary"]
[Date "2008.04.27"]
[Round "10"]
[White "Remete, Eszter"]
[Black "Szalay, Adam"]
[Result "1-0"]
[WhiteElo "2128"]
[BlackElo "1564"]
[PlyCount "47"]
[EventDate "2007.10.14"]
[EventType "team"]
[EventRounds "11"]
[EventCountry "HUN"]
[SourceTitle "EXT 2009"]
[Source "ChessBase"]
[SourceDate "2008.11.26"]
[SourceVersion "1"]
[SourceVersionDate "2008.11.26"]
[SourceQuality "1"]
[WhiteTeam "Haladas II"]
[BlackTeam "Lovo"]
[WhiteTeamCountry "HUN"]
[BlackTeamCountry "HUN"]

1. e4 e5 2. Nf3 Nc6 3. d4 exd4 4. Nxd4 Bc5 5. Be3 Qf6 6. c3 Nge7 7. g3 d6 8. f4 h6 9. Qd2 Bd7 10. Bg2 0-0-0 11. 0-0 g6 12. b4 Bb6 13. a4 a5 14. b5 Nxd4 15. Bxd4 Bxd4+ 16. cxd4 b6 17. Na3 c5 18. bxc6 Nxc6 19. Rac1 Kb7 20. e5 dxe5 21. fxe5 Qg5 22. Qxg5 hxg5 23. Rxf7 Rhf8 24. Bxc6+ 1-0